000
00465nam a2200157Ia 4500
008
100122s9999 xx 000 0 und d
082
_b
60991
_a
BM823.08
100
_a
देशपांडे कृ प
245
_a
असेल माझा हरी
250
_a
0
260
_b
अमोल प्रकाशन
_c
1999
300
_a
64
630
_a
असेल माझा हरी
730
_a
असेल माझा हरी
942
_c
BOOK
999
_c
435933
_d
435930